00489nam a2200193 a 4500001001300000003000900013005001700022008004100039020001000080082001400090100001700104245004600121260003200167300000900199500003500208505001000243650002500253700001700278nice12345678IN_TiNIC20260116013818.0050524s1990 beia grp 000 0 ara  ac10000a270bMOR1 aMorris, John aAhwaal-Un-Nasaaraa Fi Khilafat Bani Abbas aBeirutbDarul Mashriqc1990 a424p aincludes index and biblioraphy2 aIndex aChristianity-History1 aMorris, John